00836 a2200157 45000010006000000050017000060080041000230030015000640400040000790800061001192450051001802640027002313000019002585050372002771000029006495497020260407155825.0260407a1970 arg spa dAR-UNSa-BCEJYS aAR-UNSa-BCEJYSbspacAR-UNSa-BCEJYS a16xLógica. Epistemología. Teoría del conocimiento10aNorma y acciónpUna investigación lógica 1aMadrid :bTecnosc1970 a216 p.c23 cm. a1. De las normas en general – 2. Preliminares lógicas: la lógica del cambio – 3. Acto y habilidad – 4. La lógica de la acción – 5. El análisis de las normas – 6. Normas, lenguaje y verdad – 7. Normas y existencia – 8. Lógica deóntica: normas categóricas – 9. Lógica deóntica: normas hipotéticas – 10. Normas de orden superior. 1 aWright, Georg Henrik von